00495nam a2200181 a 4500001001300000003000900013005001700022008004100039020002300080082001600103100001800119245003900137260005000176300000900226500003500235650002500270700001800295nice12345678IN_TiNIC20260116014621.0070413s2005 newa grp 000 0 eng  a8130901226 c49500a001.42bMAJ aMajumdar, P K aResearch Methods in Social Science aNew Delhi bViva Books Private Limited c2005 a482p aincludes index and biblioraphy aResearch Methodology1 aMajumdar, P K